| 000 | 00344pam a2200145 a 4500 | ||
|---|---|---|---|
| 020 | _c | ||
| 041 | _h | ||
| 100 |
_aHERBERT S. KINDER _eAuthor |
||
| 245 |
_aMANAGING THE TECHNICAL PROFESSIONAL _cHERBERT S. KINDER _hTextual Documents |
||
| 260 | _bVIVA BOOKS | ||
| 300 | _a86 | ||
| 653 | _aManagement | ||
| 700 | _eCo-Author | ||
| 930 | _a3085 | ||
| 999 |
_c230484 _d230484 |
||